India-Africa relations prospects in the new millennium / (Record no. 65994)

MARC details
000 -LEADER
fixed length control field 00566nam a22001577a 4500
005 - DATE AND TIME OF LATEST TRANSACTION
control field 20120502131657.0
020 ## - INTERNATIONAL STANDARD BOOK NUMBER
International Standard Book Number 8187848014
Terms of availability 355.00
035 ## - SYSTEM CONTROL NUMBER
System control number B-60633
037 ## - SOURCE OF ACQUISITION
Stock number DPL
Source of stock number/acquisition ENG
245 ## - TITLE STATEMENT
Title India-Africa relations prospects in the new millennium /
Statement of responsibility, etc edited by Uma Shakar Jha
260 ## - PUBLICATION, DISTRIBUTION, ETC. (IMPRINT)
Place of publication, distribution, etc Delhi
Name of publisher, distributor, etc Association of Indian Africanist
Date of publication, distribution, etc 2001
300 ## - PHYSICAL DESCRIPTION
Extent 208p.
Dimensions 20 cms.
700 ## - ADDED ENTRY--PERSONAL NAME
Personal name Jha, Uma Shakar
9 (RLIN) 46218
942 ## - ADDED ENTRY ELEMENTS (KOHA)
Source of classification or shelving scheme Dewey Decimal Classification
Item type English Books
Classification part 327.
Holdings
Withdrawn status Lost status Not for loan Collection code Home library Current library Date acquired Cost, normal purchase price Full call number Barcode Cost, replacement price Koha item type
      Non-fiction Sarojini Nagar Sarojini Nagar 02/05/2012 355.00 327.5406 IND B-060633 355.00 English Books

© Delhi Public Library
Hit Counter
free hit counter